INNOVATION GOVERNANCE HOW TOP MANAGEMENT (Record no. 27980)

MARC details
000 -LEADER
fixed length control field 00349nam a2200133Ia 4500
008 - FIXED-LENGTH DATA ELEMENTS--GENERAL INFORMATION
fixed length control field 240624s9999 xx 000 0 und d
041 ## - LANGUAGE CODE
Language code of text/sound track or separate title eng
082 ## - DEWEY DECIMAL CLASSIFICATION NUMBER
Classification number 658.4063 DES
100 ## - MAIN ENTRY--PERSONAL NAME
Personal name DESCHAMPS JEAN PHILIPPE
245 ## - TITLE STATEMENT
Title INNOVATION GOVERNANCE HOW TOP MANAGEMENT
260 ## - PUBLICATION, DISTRIBUTION, ETC.
Date of publication, distribution, etc. 2014
Place of publication, distribution, etc. San Francisco
Name of publisher, distributor, etc. Jossey-Bass
300 ## - PHYSICAL DESCRIPTION
Extent 394 : p.
365 ## - TRADE PRICE
Currency code
Price amount 28
Holdings
Withdrawn status Lost status Damaged status Not for loan Home library Current library Shelving location Date acquired Source of acquisition Cost, normal purchase price Total Checkouts Full call number Barcode Date last seen Copy number Price effective from Koha item type
        IMTN IMTN Rack 34-B 09/29/2016 BWN 55.00   658.4063 DES 27980 06/24/2024 70.6 06/24/2024 Books
Designed & Maintained by: LRC IMT Nagpur Contact: lrc@imtnag.ac.in© 2024. All Rights Reserved.